000 00450nam a2200169Ia 4500
008 240729s9999 xx 000 0 und d
022 _a2001-015X
245 0 _aJournal of Intelligence Studies in Business
260 _aSweden
260 _bHalmstad University
650 _a Business
650 _a Commerce
650 _aSocial Sciences
856 _uhttps://doaj.org/toc/ba2e2c8316f9489fbd7d1488b97e6828
942 _2ddc
942 _cDOAJEJ
999 _c65834
_d65834
945 _a1
_bMadushi Gamage
_c1
_dMadushi Gamage